| LEADER | 01271nam a2200277 a 4500 | ||
|---|---|---|---|
| 003 | GR-PaULI | ||
| 005 | 20250321130747.0 | ||
| 008 | 080925s2008 ne | f b 001 0 eng d | ||
| 020 | |a 9789004166240 | ||
| 040 | |a DLC |b gre |c DLC |d BTCTA |d YDXCP |d ERASA |d C#P |d BWX |d NLGGC |d CDX |d OHX |d DLC |d GR-AiPI |e AACR2 | ||
| 082 | 0 | 4 | |a 121.809 38 |2 23 |
| 245 | 0 | 0 | |a Kakos : |b badness and anti-value in classical antiquity / |c edited by Ineke Sluiter and Ralph M. Rosen. |
| 260 | |a Leiden ; |a Boston : |b Brill, |c 2008. | ||
| 300 | |a viii, 514 σ. : |b εικ. ; |c 25 εκ. | ||
| 490 | 1 | |a Mnemosyne supplements, |x 0169-8958 ; |v v. 307 | |
| 504 | |a Includes bibliographical references and indexes. | ||
| 650 | 0 | |a Values |z Greece. | |
| 650 | 0 | |a Values |z Rome. | |
| 650 | 0 | |a Values |x History. | |
| 700 | 1 | |a Sluiter, I. (Ineke) |q (Ineke) |9 160560 |e επιμελήτρια | |
| 700 | 1 | |a Rosen, Ralph Mark. |9 160558 |e επιμελητής | |
| 830 | 0 | |a Mnemosyne, bibliotheca classica Batava. |p Supplementum (Brill) |n Series xviii , |v 307. |9 156228 | |
| 942 | |2 ddc |c BK15 | ||
| 952 | |0 0 |1 0 |2 ddc |4 0 |6 121_809000000000000_38_ΚΑΚ |7 0 |9 215036 |a LISA |b LISA |c BSC |d 2017-09-15 |i 12991 |l 0 |o 121.809 38 ΚΑΚ |p 026000278908 |r 2017-09-15 00:00:00 |t 1 |w 2017-09-15 |y BK15 | ||
| 998 | |c ΛΟΥΚΟΠΟΥΛΟΥ |d 2017-09 | ||
| 999 | |c 130659 |d 130659 | ||